| 000 | 00572cam a2200217 a 4500 | ||
|---|---|---|---|
| 001 | 4686946 | ||
| 005 | 20180216040303.0 | ||
| 008 | 820202s1981 enka b 001 0 eng | ||
| 010 | _a 81168622 | ||
| 015 | _aGB*** | ||
| 040 |
_aDLC _cDLC _dDLC |
||
| 041 | _aeng | ||
| 080 | _a616.33 FAR | ||
| 082 | 0 | 0 |
_a616.33 FAR _a616.3/3025 _219 |
| 100 | _a9 | ||
| 101 | _aGAS | ||
| 245 | 0 | 0 |
_aGastrointestinal emergencies / _cA. Torsoli, guest editor. |
| 504 | _aIncludes bibliographies and index. | ||
| 906 |
_a7 _bcbc _corignew _d3 _encip _f19 _gy-gencatlg |
||
| 942 |
_2ddc _cBK |
||
| 999 |
_c42753 _d42753 |
||